La educación: constantes y problematica actual

Gespeichert in:
Bibliographische Detailangaben
Hauptverfasser: Ferrández, Adalberto (VerfasserIn), Sarramona López, Jaume (VerfasserIn)
Format: Buch
Sprache:Spanisch
Veröffentlicht: Barcelona CEAC 1976
Ausgabe:3a. ed
Schlagworte:
Tags: Tag hinzufügen
Keine Tags, Fügen Sie den ersten Tag hinzu!

MARC

LEADER 00000nam a2200000 a 4500
001 UCY4653
003 CL-VaPUC
008 950323e19760000SP |||||||||||||||||spa|d
082 0 4 |a 370  |b FER  |2 21 
100 |a Ferrández, Adalberto  |e author  |9 307973 
700 0 |a Sarramona López, Jaume  |e author  |9 333128 
245 1 3 |a La educación: constantes y problematica actual 
250 |a 3a. ed 
300 |a 517 p 
942 |c BK 
945 |d 19950323 00:00:00  |a mfernand 
260 |a Barcelona  |b CEAC  |c 1976 
650 0 |a Educación  |9 258661 
651 0 |a España  |9 254926 
583 |a last modification  |c 20151130 09:37:35  |k Rodrigo Vera 
999 |c 232440  |d 232438 
952 |0 0  |1 0  |4 0  |6 370_000000000000000_FER_1976  |7 0  |8 P  |9 236832  |a BIBEDU  |b BIBEDU  |c BIBEDU_PB  |d 2019-11-15  |i 3068994  |o 370 FER 1976  |p 3068994  |r 2024-01-25  |w 2019-11-15  |y BK  |k EDU 
952 |0 0  |1 0  |4 0  |6 370_000000000000000_FER_1976  |7 0  |8 P  |9 236833  |a BIBEDU  |b BIBEDU  |c BIBEDU_PB  |d 2019-11-15  |i 3354318  |o 370 FER 1976  |p 3354318  |r 2024-01-25  |w 2019-11-15  |y BK  |k EDU